00945nam a22002777a 45000010005000000030006000050050017000110080041000280200018000690400029000870500017001160820011001331000028001442450083001722500041002552600034002963000056003304900031003865050007004175200113004245210019005375210018005566500034005746500029006087000030006377303FISKH20250709085549.0250709b cb ||||| |||| 00| 0 eng d a9780439206716 aFISKHbengcFISKHdFISKH aPZ7.M47879 F a813.54 aMcMullan, Kated(1947-) aFluffy's school bus adventure /cBy Kate McMullan ; Illustrated by Mavis Smith aThis edition first published in 2000 aNew York :bScholastic,c2000 a37 unnumbered pages :bcolor illustrations ;c23 cm aScholastic readervLevel 3 aJ  aWhen Fluffy the guinea pig is accidentally put on the wrong school bus, he ends up having a wonderful time. 8 a460 bLexile 8 aJ bRaz-Plus  2Animal charactersaQuinea pig 2School storiesaHampster aSmith, Mavisdillustrator